Name all of the 80s Pop Divas Easy Version - Statistics

General Stats
  • This quiz has been taken 29 times
  • The average score is 8 of 16
Answer Stats
Monthly Listeners Hint Answer % Correct
38.9 Million Known As the Queen of Pop Madonna
100%
17.6 Million She Just Wanna Have Fun Cyndi Lauper
92%
11.2 Million She is Rollin' on a River Tina Turner
79%
28.7 Million Known As one of the Greatest Vocalists of All Time Whitney Houston
75%
8.1 Million She is From a Very Famous Music Family Janet Jackson
67%
5.6 Million She Thinks the Land of the Dead is a Place on Earth Belinda Carlisle
58%
12.9 Million She Thinks You Can Tell If a Man Really Loves You If It's in His Kiss Cher
58%
2.9 Million On Her First Tour She Performed in Malls Tiffany
50%
5.8 Million The Rhythm in Her Music is Getting Strong Gloria Estefan
46%
6.3 Million Cerebral Aneurysm Took Her Self Control Laura Branigan
29%
11.4 Million She's Also and Mainly Known as An Actress from a Very Popular Musical Olivia Newton John
25%
1.2 Million She Just Wants to Know If You'll Love Her Forever Paula Abdul
25%
1.8 Million Love Only Happens to Her in Her Sleep Debbie Gibson
21%
2.2 Million She Just Wants to Be Told That She's The Only One Taylor Dayne
17%
1.4 Million Her Most Famous Song is a Duet with Kenny Rodgers Sheena Easton
8%
0.43 Million She Wonders If You go to Her House if You'll Still be in Love with Her Lisa Lisa
4%
No matching quizzes found
Score Distribution
Percent of People with Each Score
Percentile by Number Answered
Your Score History
You have not taken this quiz